| 000 | 00797nam a22002651 4500 | ||
|---|---|---|---|
| 001 | 30439 | ||
| 003 | BD-RjUL | ||
| 005 | 20211209051550.0 | ||
| 008 | 140409s1950 nyu b 000 0 eng | ||
| 035 | _a(BD-RjUL)30524 | ||
| 040 |
_aDLC _cDLC _dDLC _dBD-RjUL _beng |
||
| 041 | _aeng | ||
| 082 | 0 | 0 |
_a164 _bROE 1950 |
| 100 | 1 |
_aRosenbloom, Paul C. _920316 |
|
| 245 | 0 | 4 |
_aThe elements of mathematical logic / _cPaul C. Rosenbloom. |
| 250 | _a[1st ed. | ||
| 260 |
_aNew York : _bDover Publications, _c1950. |
||
| 300 |
_aiv, 214 p. ; _c20 cm. |
||
| 490 | 0 | _aThe Dover series in mathematics and physics | |
| 504 | _a"Bibliographical and other remarks": p. 194-208. | ||
| 650 | 0 |
_aLogic, Symbolic and mathematical. _992489 |
|
| 942 |
_2ddc _cBK |
||
| 999 |
_c30439 _d30439 |
||